[Event "Treviso op-B 4th"]
[Site "Treviso"]
[Date "2023.04.01"]
[Round "2"]
[White "Losso, Agostino"]
[Black "Caferri, Sergio"]
[Result "0-1"]
[WhiteElo "1650"]
[BlackElo "1316"]
[PlyCount "104"]
[EventDate "2023.03.31"]
[EventType "swiss"]
[EventRounds "5"]
[EventCountry "ITA"]
[SourceTitle "EXT 2024"]
[Source "ChessBase"]
[SourceDate "2023.10.10"]
[SourceVersion "1"]
[SourceVersionDate "2023.10.10"]
[SourceQuality "1"]

1. e4 e6 2. d3 d5 3. Qe2 Nc6 4. Nf3 e5 5. exd5 Qxd5 6. Nc3 Bb4 7. Bd2 Bxc3 8. Bxc3 Bg4 9. Qe4 Bxf3 10. gxf3 Nf6 11. Qe3 0-0-0 12. Bg2 Nh5 13. Qe4 Nf4 14. 0-0 Nxg2 15. Kxg2 f6 16. Rfd1 Qf7 17. f4 exf4 18. Qxf4 Rd5 19. Re1 Qg6+ 20. Kh1 Rf5 21. Qe3 Qf7 22. f4 Qd5+ 23. Qe4 Qxe4+ 24. Rxe4 Kd7 25. Rae1 h5 26. Kg2 g5 27. Kf3 Rh7 28. Bd2 Re7 29. Rxe7+ Nxe7 30. Ke4 Rb5 31. b4 f5+ 32. Kf3 g4+ 33. Ke3 Rb6 34. Kd4 Rd6+ 35. Kc3 Re6 36. Rxe6 Kxe6 37. Kd4 h4 38. Be1 Ng6 39. Ke3 h3 40. c4 c6 41. Bg3 Kd6 42. a4 a6 43. Kd4 b5 44. axb5 axb5 45. Kc3 Ne7 46. Bf2 Ng6 47. Bg3 Ne7 48. Kd4 Ng6 49. Ke3 Ke6 50. Be1 Kd6 51. Kf2 Nxf4 52. Kg3 Nxd3 0-1

[Event "Mestre Sheraton op-B 1st"]
[Site "Mestre"]
[Date "2021.02.27"]
[Round "2"]
[White "Crestani, Dario"]
[Black "Losso, Agostino"]
[Result "1/2-1/2"]
[WhiteElo "1399"]
[BlackElo "1662"]
[PlyCount "89"]
[EventDate "2021.02.26"]
[EventType "swiss"]
[EventRounds "5"]
[EventCountry "ITA"]
[SourceTitle "EXT 2023"]
[Source "ChessBase"]
[SourceDate "2022.10.05"]
[SourceVersion "1"]
[SourceVersionDate "2022.10.05"]
[SourceQuality "1"]

1. e4 d6 2. d4 Nf6 3. Nc3 Nbd7 4. f4 e5 5. fxe5 dxe5 6. dxe5 Nxe5 7. Qxd8+ Kxd8 8. Bf4 Nfd7 9. 0-0-0 Bd6 10. Nb5 Nd3+ 11. Bxd3 Bxf4+ 12. Kb1 c6 13. Ne2 Be5 14. Nbd4 g6 15. Bc4 Ke7 16. Rhf1 Rf8 17. Nf3 Bf6 18. Nc1 Ne5 19. Nxe5 Bxe5 20. Nd3 Bc7 21. g3 a5 22. a3 b6 23. Rd2 Be6 24. Bxe6 Kxe6 25. Nf4+ Ke7 26. Kc1 Rad8 27. Rfd1 Rxd2 28. Rxd2 Rd8 29. Rxd8 Bxd8 30. Kd2 Kf6 31. Nd3 Bc7 32. Ke2 h5 33. b4 h4 34. Kf3 hxg3 35. hxg3 Be5 36. bxa5 bxa5 37. a4 Bd4 38. Kf4 c5 39. e5+ Ke6 40. Ke4 g5 41. c3 Bg1 42. c4 Bd4 43. g4 Bg1 44. Nc1 Bd4 45. Nd3 1/2-1/2

[Event "Mogliano Veneto op-B 38th"]
[Site "Mogliano Veneto"]
[Date "2017.05.01"]
[Round "5.20"]
[White "Losso, Agostino"]
[Black "Fiscato, Claudio"]
[Result "1-0"]
[WhiteElo "1705"]
[BlackElo "1649"]
[PlyCount "83"]
[EventDate "2017.04.29"]
[EventType "swiss"]
[EventRounds "5"]
[EventCountry "ITA"]
[SourceTitle "EXT 2023"]
[Source "ChessBase"]
[SourceDate "2022.10.05"]
[SourceVersion "1"]
[SourceVersionDate "2022.10.05"]
[SourceQuality "1"]

1. e4 c5 2. Nf3 e6 3. d3 Nc6 4. g3 d6 5. Bg2 Nf6 6. 0-0 Be7 7. c3 0-0 8. Re1 Bd7 9. Nbd2 Rb8 10. Nf1 h6 11. h4 e5 12. N3h2 Qc8 13. Ne3 Nd8 14. Rf1 Re8 15. Qe2 b5 16. Bd2 Nc6 17. f4 exf4 18. gxf4 Bf8 19. Rae1 a5 20. f5 Ne5 21. Neg4 Be7 22. Nxe5 dxe5 23. Ng4 Nxg4 24. Qxg4 Bf6 25. Bxh6 c4 26. Rd1 Rb6 27. Be3 Ra6 28. h5 Kf8 29. dxc4 bxc4 30. Rd5 Ba4 31. h6 gxh6 32. Bxh6+ Ke7 33. Be3 Rc6 34. Rxa5 Rg8 35. Qe2 Ra6 36. Rc5 Qb7 37. Rf2 Qxe4 38. Rxc4 Qb1+ 39. Rf1 Qxa2 40. Rc7+ Bd7 41. Rd1 Rd8 42. Qb5 1-0

[Event "Mogliano Veneto op-B 38th"]
[Site "Mogliano Veneto"]
[Date "2017.04.30"]
[Round "3.23"]
[White "Losso, Agostino"]
[Black "Filippi, Giulio"]
[Result "1-0"]
[WhiteElo "1705"]
[BlackElo "1658"]
[PlyCount "51"]
[EventDate "2017.04.29"]
[EventType "swiss"]
[EventRounds "5"]
[EventCountry "ITA"]
[SourceTitle "EXT 2023"]
[Source "ChessBase"]
[SourceDate "2022.10.05"]
[SourceVersion "1"]
[SourceVersionDate "2022.10.05"]
[SourceQuality "1"]

1. e4 c6 2. d3 d5 3. e5 Bf5 4. Nf3 h6 5. g3 Nd7 6. Nh4 Bh7 7. e6 Ndf6 8. Bh3 fxe6 9. Bxe6 Qd6 10. Qe2 g5 11. Ng2 Bg6 12. f4 Be4 13. f5 Bxg2 14. Qxg2 Qe5+ 15. Kd1 Qd4 16. Re1 Ng4 17. h3 Qf2 18. Re2 Qxg2 19. Rxg2 N4f6 20. Be3 b6 21. b4 Nd7 22. Bd4 Ngf6 23. Nd2 c5 24. bxc5 bxc5 25. Bxd7+ Nxd7 26. Bxh8 1-0

[Event "Chioggia op-B 10th"]
[Site "Chioggia"]
[Date "2015.10.11"]
[Round "5"]
[White "Belloni, Umberto"]
[Black "Losso, Agostino"]
[Result "1-0"]
[WhiteElo "1798"]
[BlackElo "1719"]
[PlyCount "89"]
[EventDate "2015.10.09"]
[EventType "swiss"]
[EventRounds "5"]
[EventCountry "ITA"]
[SourceTitle "EXT 2022"]
[Source "ChessBase"]
[SourceDate "2021.10.06"]
[SourceVersion "1"]
[SourceVersionDate "2021.10.06"]
[SourceQuality "1"]

1. d4 Nf6 2. Bg5 e6 3. e3 h6 4. Bh4 Be7 5. Bd3 d6 6. Nc3 Nbd7 7. Bxf6 Bxf6 8. Ne4 0-0 9. Nxf6+ Qxf6 10. c3 Qe7 11. h4 e5 12. g4 e4 13. Be2 d5 14. h5 Nb6 15. Rh2 Bd7 16. Rg2 f5 17. gxf5 Rxf5 18. Bg4 Rg5 19. Nh3 Bxg4 20. Rxg4 Rxg4 21. Qxg4 Rf8 22. 0-0-0 Nd7 23. Nf4 Nf6 24. Qh4 Rf7 25. Rg1 c6 26. Rg6 Nh7 27. Qxe7 Rxe7 28. Kd2 Ng5 29. b3 Kf7 30. c4 Ne6 31. cxd5 Nxf4 32. exf4 cxd5 33. Rd6 Re6 34. Rxd5 Ra6 35. a4 Rb6 36. Rb5 Rxb5 37. axb5 Ke6 38. Ke3 Kd5 39. f5 b6 40. b4 Kc4 41. Kxe4 Kxb4 42. Kd5 Kxb5 43. Ke6 Kc6 44. d5+ Kc7 45. Ke7 1-0

[Event "Chioggia op-B 10th"]
[Site "Chioggia"]
[Date "2015.10.10"]
[Round "3"]
[White "Losso, Agostino"]
[Black "Desideri, Alessandro"]
[Result "0-1"]
[WhiteElo "1719"]
[BlackElo "1895"]
[PlyCount "54"]
[EventDate "2015.10.09"]
[EventType "swiss"]
[EventRounds "5"]
[EventCountry "ITA"]
[SourceTitle "EXT 2022"]
[Source "ChessBase"]
[SourceDate "2021.10.06"]
[SourceVersion "1"]
[SourceVersionDate "2021.10.06"]
[SourceQuality "1"]

1. e4 c5 2. Nf3 a6 3. d3 d6 4. g3 g6 5. Bg2 Bg7 6. 0-0 Nf6 7. a4 0-0 8. Qe2 Nc6 9. c3 e5 10. Na3 Rb8 11. Nc2 Re8 12. Nh4 Be6 13. f4 exf4 14. Bxf4 Bg4 15. Qf2 Qd7 16. Ne3 Be6 17. Bg5 Nh5 18. g4 f6 19. gxh5 fxg5 20. hxg6 hxg6 21. Nxg6 Bf7 22. Bh3 Qxh3 23. Qxf7+ Kh7 24. Nf5 Rg8 25. Ngh4 gxh4 26. Qh5+ Bh6+ 27. Kf2 Qg2+ 0-1

[Event "Chioggia op-A 07th"]
[Site "Chioggia"]
[Date "2012.10.13"]
[Round "3"]
[White "Novelli, Cristiano"]
[Black "Losso, Agostino"]
[Result "1-0"]
[WhiteElo "2025"]
[BlackElo "1751"]
[PlyCount "47"]
[EventDate "2012.10.12"]
[EventType "swiss"]
[EventRounds "5"]
[EventCountry "ITA"]
[SourceTitle "EXT 2014"]
[Source "ChessBase"]
[SourceDate "2013.11.20"]
[SourceVersion "1"]
[SourceVersionDate "2013.11.20"]
[SourceQuality "1"]

1. e4 c5 2. Nc3 Nc6 3. g3 g6 4. Bg2 Bg7 5. d3 d6 6. Be3 Nf6 7. h3 0-0 8. Qd2 Rb8 9. Nge2 Bd7 10. f4 Qc8 11. g4 Bxg4 12. hxg4 Qxg4 13. Bh3 Qf3 14. 0-0-0 Ng4 15. Bxg4 Qxg4 16. Rdg1 Qd7 17. d4 cxd4 18. Nxd4 f5 19. Qh2 h6 20. Rxg6 Rf6 21. Rxf6 exf6 22. Nxf5 Ne7 23. Nxg7 Kxg7 24. Qxh6+ 1-0

[Event "Noale Szabados Memorial-B 5th"]
[Site "Noale"]
[Date "2012.02.03"]
[Round "1"]
[White "Zamengo, Bruno"]
[Black "Losso, Agostino"]
[Result "0-1"]
[WhiteElo "1975"]
[BlackElo "1755"]
[PlyCount "56"]
[EventDate "2012.02.03"]
[EventType "swiss"]
[EventRounds "5"]
[EventCountry "ITA"]
[SourceTitle "EXT 2022"]
[Source "ChessBase"]
[SourceDate "2021.10.06"]
[SourceVersion "1"]
[SourceVersionDate "2021.10.06"]
[SourceQuality "1"]

1. e4 c5 2. Nf3 g6 3. Bc4 Bg7 4. c3 e6 5. Qe2 Ne7 6. d4 cxd4 7. Nxd4 Nbc6 8. 0-0 0-0 9. Nf3 d5 10. Rd1 Qa5 11. exd5 exd5 12. b4 Qd8 13. Bb2 Re8 14. Bb3 Bg4 15. c4 Bxb2 16. Qxb2 Bxf3 17. gxf3 d4 18. Nd2 Nf5 19. Ne4 Qh4 20. Ng3 Ne5 21. Kg2 Qf4 22. Nxf5 Qxf3+ 23. Kg1 Qxf5 24. f4 Nf3+ 25. Kh1 d3 26. Rf1 Re2 27. Qxe2 dxe2 28. Rxf3 Qe4 0-1

[Event "Chioggia op-B 06th"]
[Site "Chioggia"]
[Date "2011.10.08"]
[Round "2"]
[White "Losso, Agostino"]
[Black "Zaghi, Giacomo"]
[Result "1-0"]
[WhiteElo "1748"]
[BlackElo "1470"]
[PlyCount "79"]
[EventDate "2011.10.07"]
[EventType "swiss"]
[EventRounds "5"]
[EventCountry "ITA"]
[SourceTitle "EXT 2022"]
[Source "ChessBase"]
[SourceDate "2021.10.06"]
[SourceVersion "1"]
[SourceVersionDate "2021.10.06"]
[SourceQuality "1"]

1. e4 e5 2. Nf3 Nc6 3. Bb5 d6 4. c3 Bd7 5. d3 Nf6 6. 0-0 d5 7. exd5 Nxd5 8. Bxc6 Bxc6 9. Nxe5 Qf6 10. Nxc6 Qxc6 11. Re1+ Be7 12. Qf3 Qd6 13. Bg5 f6 14. Bh4 0-0 15. Na3 c6 16. Nc2 Rfe8 17. Nd4 Kf8 18. Bg3 Qd7 19. Ne6+ Kg8 20. Nf4 Qf5 21. Qe4 Qg5 22. Nxd5 cxd5 23. Qf3 Bc5 24. d4 Bb6 25. h4 Qd2 26. Qxd5+ Kh8 27. Re6 Rad8 28. Qe4 Rf8 29. Qe2 Qh6 30. Re1 Qg6 31. h5 Qf7 32. a3 Bc7 33. Re7 Qd5 34. Rxc7 Qg5 35. Qe7 h6 36. Bf4 Qg4 37. f3 Qd7 38. Rxd7 Rxd7 39. Qxf8+ Kh7 40. Re8 1-0

[Event "Mestre Ragazzini Memorial 2nd"]
[Site "Mestre"]
[Date "2011.05.21"]
[Round "2"]
[White "Pomponio, Stefano"]
[Black "Losso, Agostino"]
[Result "0-1"]
[WhiteElo "1514"]
[BlackElo "1774"]
[PlyCount "74"]
[EventDate "2011.05.20"]
[EventType "swiss"]
[EventRounds "5"]
[EventCountry "ITA"]
[SourceTitle "EXT 2022"]
[Source "ChessBase"]
[SourceDate "2021.10.06"]
[SourceVersion "1"]
[SourceVersionDate "2021.10.06"]
[SourceQuality "1"]

1. e4 c5 2. Nf3 g6 3. Nc3 Bg7 4. d4 cxd4 5. Nxd4 Nc6 6. Nxc6 bxc6 7. Bd2 d6 8. Bc4 Rb8 9. Bb3 Ba6 10. Qf3 e6 11. 0-0-0 Ne7 12. h3 d5 13. exd5 cxd5 14. Ba4+ Kf8 15. Bf4 Rc8 16. Bb5 Rxc3 17. bxc3 Bxb5 18. Kd2 e5 19. Rb1 Bc6 20. Bg3 d4 21. Qd3 dxc3+ 22. Ke2 Qxd3+ 23. Kxd3 Nd5 24. Rb8+ Ke7 25. Bxe5 Rxb8 26. Bxb8 Nb4+ 27. Kc4 Nxc2 28. Rc1 Na3+ 29. Kb3 Nb5 30. Re1+ Kd7 31. Rd1+ Kc8 32. Bf4 Bxg2 33. h4 Nd4+ 34. Kc4 Ne2 35. Be3 f5 36. Bxa7 c2 37. Re1 c1Q+ 0-1

[Event "Treviso op-B 34th"]
[Site "Treviso"]
[Date "2010.12.04"]
[Round "2.8"]
[White "Losso, Agostino"]
[Black "Chin, Roberto"]
[Result "1/2-1/2"]
[WhiteElo "1774"]
[BlackElo "1419"]
[PlyCount "78"]
[EventDate "2010.12.03"]
[EventType "swiss"]
[EventRounds "5"]
[EventCountry "ITA"]
[SourceTitle "EXT 2024"]
[Source "ChessBase"]
[SourceDate "2023.10.10"]
[SourceVersion "1"]
[SourceVersionDate "2023.10.10"]
[SourceQuality "1"]

1. c4 d6 2. Nc3 Nf6 3. g3 g6 4. Bg2 Bg7 5. d3 e5 6. e4 0-0 7. Nge2 Nc6 8. 0-0 a6 9. h3 Bd7 10. Bg5 Qc8 11. Kh2 h6 12. Be3 Ne7 13. Qd2 Kh7 14. Nd5 Nfxd5 15. cxd5 f5 16. Rac1 fxe4 17. dxe4 Rf6 18. g4 Qd8 19. g5 hxg5 20. Bxg5 Rf7 21. Rc3 Rc8 22. f3 Bb5 23. Rfc1 c6 24. b4 Bf6 25. h4 Bxg5 26. hxg5 Kg7 27. Kg3 cxd5 28. Rxc8 Nxc8 29. exd5 Bxe2 30. Kf2 Bb5 31. Bh3 Bd7 32. Be6 Re7 33. Qc3 Bxe6 34. dxe6 Nb6 35. Rh1 Rxe6 36. f4 Nd5 37. Qh3 Qb6+ 38. Kf1 Qb5+ 39. Kf2 Qb6+ 1/2-1/2

[Event "Venice Autumn op 16th"]
[Site "Venice"]
[Date "2010.10.30"]
[Round "1.32"]
[White "Losso, Agostino"]
[Black "Bitossi, Massimo"]
[Result "0-1"]
[WhiteElo "1791"]
[BlackElo "1936"]
[PlyCount "68"]
[EventDate "2010.10.30"]
[EventType "swiss"]
[EventRounds "5"]
[EventCountry "ITA"]
[SourceTitle "EXT 2011"]
[Source "ChessBase"]
[SourceDate "2010.11.26"]
[SourceVersion "1"]
[SourceVersionDate "2010.11.26"]
[SourceQuality "1"]

1. c4 c5 2. g3 Nc6 3. Bg2 g6 4. Nc3 Bg7 5. a3 e5 6. d3 Nge7 7. Nh3 f5 8. 0-0 0-0 9. f4 d6 10. Be3 Rb8 11. fxe5 Nxe5 12. Qd2 Ng4 13. Bg5 h6 14. Bxe7 Qxe7 15. Nd5 Qe5 16. Nhf4 Kh7 17. h3 Nf6 18. Nc3 g5 19. Nfd5 Nxd5 20. Nxd5 Qxg3 21. Rf3 Qe5 22. Re1 Qxb2 23. Qa5 Be6 24. Rff1 Bxd5 25. Bxd5 Qd4+ 26. Kh1 Qh4 27. Kg2 g4 28. Rh1 b6 29. Qd2 Rbe8 30. hxg4 Qxg4+ 31. Kf1 Qg3 32. Bg2 Re3 33. Qc1 Bd4 34. Rh3 Rf3+ 0-1

[Event "Chioggia op-A 05th"]
[Site "Chioggia"]
[Date "2010.10.10"]
[Round "5"]
[White "De Paoli, Emilio"]
[Black "Losso, Agostino"]
[Result "1-0"]
[WhiteElo "1862"]
[BlackElo "1971"]
[PlyCount "51"]
[EventDate "2010.10.08"]
[EventType "swiss"]
[EventRounds "5"]
[EventCountry "ITA"]
[SourceTitle "EXT 2022"]
[Source "ChessBase"]
[SourceDate "2021.10.06"]
[SourceVersion "1"]
[SourceVersionDate "2021.10.06"]
[SourceQuality "1"]

1. e4 c5 2. Nf3 g6 3. d4 cxd4 4. Nxd4 Nc6 5. c4 Bg7 6. Nc2 Nf6 7. Nc3 0-0 8. Be2 d6 9. Be3 Qa5 10. 0-0 Be6 11. Qd2 Ng4 12. Bxg4 Bxg4 13. Rab1 Bxc3 14. bxc3 Qc7 15. Bh6 Rfe8 16. Ne3 Ne5 17. f4 Nxc4 18. Qd4 e5 19. Qxc4 Qxc4 20. Nxc4 Be2 21. Nxd6 Re6 22. Rf2 Bd3 23. Rd1 Rxd6 24. Rfd2 g5 25. Bxg5 f6 26. fxe5 1-0

[Event "Chioggia op-A 05th"]
[Site "Chioggia"]
[Date "2010.10.08"]
[Round "1"]
[White "Gallana, Marco"]
[Black "Losso, Agostino"]
[Result "1-0"]
[WhiteElo "2080"]
[BlackElo "1971"]
[PlyCount "65"]
[EventDate "2010.10.08"]
[EventType "swiss"]
[EventRounds "5"]
[EventCountry "ITA"]
[SourceTitle "EXT 2022"]
[Source "ChessBase"]
[SourceDate "2021.10.06"]
[SourceVersion "1"]
[SourceVersionDate "2021.10.06"]
[SourceQuality "1"]

1. d4 d5 2. c4 c6 3. Nf3 Nf6 4. Nc3 a6 5. e3 b5 6. b3 e6 7. Qc2 Nbd7 8. Be2 Bb4 9. Bd2 Bxc3 10. Bxc3 Ne4 11. Nd2 Nxc3 12. Qxc3 Qg5 13. 0-0 e5 14. cxd5 cxd5 15. Nf3 Qe7 16. dxe5 Bb7 17. e6 fxe6 18. Qc7 Bc8 19. Rac1 0-0 20. Qg3 Nf6 21. Rc7 Bd7 22. Bd3 Rfc8 23. Rfc1 Rxc7 24. Rxc7 Rc8 25. Rxc8+ Bxc8 26. Qb8 Qb7 27. Qd6 Qd7 28. Qc5 Bb7 29. Ne5 Qe8 30. Qc7 Bc8 31. b4 Nd7 32. Nc6 Nf6 33. Ne7+ 1-0

[Event "Mogliano Veneto op-B 31st"]
[Site "Mogliano Veneto"]
[Date "2010.05.02"]
[Round "4"]
[White "Scian, Nicola"]
[Black "Losso, Agostino"]
[Result "1-0"]
[WhiteElo "1689"]
[BlackElo "1794"]
[PlyCount "43"]
[EventDate "2010.04.30"]
[EventType "swiss"]
[EventRounds "5"]
[EventCountry "ITA"]
[SourceTitle "EXT 2023"]
[Source "ChessBase"]
[SourceDate "2022.10.05"]
[SourceVersion "1"]
[SourceVersionDate "2022.10.05"]
[SourceQuality "1"]

1. e4 d5 2. exd5 Nf6 3. d4 Nxd5 4. c4 Nb6 5. Nc3 e5 6. dxe5 Qxd1+ 7. Nxd1 Nc6 8. f4 Bf5 9. Ne3 Bb4+ 10. Bd2 Bxd2+ 11. Kxd2 0-0-0+ 12. Ke1 Be4 13. Nh3 f6 14. Nf2 fxe5 15. Nxe4 exf4 16. Nd1 Rhe8 17. Ndc3 Nxc4 18. Bxc4 Rd4 19. Be2 Rdxe4 20. Nxe4 Rxe4 21. Kf2 Nd4 22. Bg4+ 1-0

[Event "Mogliano Veneto op-B 31st"]
[Site "Mogliano Veneto"]
[Date "2010.05.01"]
[Round "3"]
[White "Losso, Agostino"]
[Black "Velluti, Alberto"]
[Result "0-1"]
[WhiteElo "1794"]
[BlackElo "1932"]
[PlyCount "116"]
[EventDate "2010.04.30"]
[EventType "swiss"]
[EventRounds "5"]
[EventCountry "ITA"]
[SourceTitle "EXT 2023"]
[Source "ChessBase"]
[SourceDate "2022.10.05"]
[SourceVersion "1"]
[SourceVersionDate "2022.10.05"]
[SourceQuality "1"]

1. e4 e5 2. Nf3 Nc6 3. Bb5 a6 4. Bxc6 dxc6 5. 0-0 f6 6. d4 Bg4 7. dxe5 Qxd1 8. Rxd1 Bc5 9. Rd3 Bxf3 10. Rxf3 0-0-0 11. Nc3 Bd4 12. Kf1 Bxe5 13. Ke2 Ne7 14. Bf4 Bxf4 15. Rxf4 Rd7 16. Rd1 Rhd8 17. Rxd7 Rxd7 18. Rf3 Ng6 19. Nd1 Rd4 20. Nc3 Ne5 21. Rh3 h6 22. f4 Nc4 23. b3 Na3 24. Rg3 Rd7 25. Rd3 Nxc2 26. Rxd7 Kxd7 27. Kf3 Ne1+ 28. Kg3 Nd3 29. Kg4 Ke6 30. h4 b5 31. g3 a5 32. Kf3 Kd6 33. Ke3 Nc5 34. h5 b4 35. Ne2 a4 36. bxa4 Nxa4 37. Kd4 c5+ 38. Kc4 c6 39. g4 Nb6+ 40. Kb3 Nd7 41. Ng3 Kc7 42. Nf5 Kb6 43. Nxg7 Kb5 44. Nf5 c4+ 45. Kc2 Ka4 46. Nd4 c5 47. Nf3 Ka3 48. Kb1 b3 49. axb3 cxb3 50. e5 fxe5 51. fxe5 c4 52. e6 Nf6 53. Nd4 Nxg4 54. Nf5 c3 55. Nxh6 c2+ 56. Kc1 Ne3 57. Nf5 b2+ 58. Kd2 c1Q+ 0-1

[Event "Noale Szabados Memorial-B 3rd"]
[Site "Noale"]
[Date "2010.02.07"]
[Round "5"]
[White "Losso, Agostino"]
[Black "Monari, Emanuele"]
[Result "1-0"]
[WhiteElo "1777"]
[BlackElo "1455"]
[PlyCount "35"]
[EventDate "2010.02.05"]
[EventType "swiss"]
[EventRounds "5"]
[EventCountry "ITA"]
[SourceTitle "EXT 2022"]
[Source "ChessBase"]
[SourceDate "2021.10.06"]
[SourceVersion "1"]
[SourceVersionDate "2021.10.06"]
[SourceQuality "1"]

1. e4 e5 2. Bc4 Bc5 3. c3 Nf6 4. Nf3 d6 5. h3 Nc6 6. d3 0-0 7. Bg5 h6 8. Bh4 Be6 9. Nbd2 Qe7 10. a4 a5 11. Qb3 Bb6 12. 0-0-0 Rad8 13. Rhe1 g5 14. Nxg5 hxg5 15. Bxg5 Bxf2 16. Rf1 Kg7 17. Rxf2 Bxc4 18. dxc4 1-0

[Event "Chioggia op-A 04th"]
[Site "Chioggia"]
[Date "2009.10.10"]
[Round "2"]
[White "Losso, Agostino"]
[Black "Liberi, Michele"]
[Result "0-1"]
[WhiteElo "1766"]
[BlackElo "1903"]
[PlyCount "70"]
[EventDate "2009.10.09"]
[EventType "swiss"]
[EventRounds "5"]
[EventCountry "ITA"]
[SourceTitle "EXT 2022"]
[Source "ChessBase"]
[SourceDate "2021.10.06"]
[SourceVersion "1"]
[SourceVersionDate "2021.10.06"]
[SourceQuality "1"]

1. e4 e6 2. d3 d5 3. Qe2 dxe4 4. dxe4 Nf6 5. c3 Be7 6. Nd2 0-0 7. Ngf3 c5 8. Nc4 Nc6 9. a4 Qc7 10. e5 Nd5 11. Qe4 f5 12. Qc2 Bd7 13. g3 Be8 14. Bf4 Bh5 15. Be2 Bxf3 16. Bxf3 g5 17. Bxd5 exd5 18. Nd6 gxf4 19. 0-0-0 Bxd6 20. exd6 Qxd6 21. Qb3 c4 22. Qb5 Rad8 23. gxf4 Qxf4+ 24. Kb1 Rf7 25. Rhg1+ Kh8 26. Rde1 Qxf2 27. a5 a6 28. Qa4 Qc5 29. Qd1 Rg8 30. Rxg8+ Kxg8 31. Qh5 Ne7 32. h4 Qd6 33. Rg1+ Kf8 34. Qg5 f4 35. Qg2 Qg6+ 0-1